Nutrition in the 1980's : the constraints on our knowledge : proceeding of the Western Hemisphere Nutrition Congress VI held in Los ANgeles, California, August 10-14, 1980 /

Bibliographic Details
Corporate Authors: Western Hemisphere Nutrition Congress Los Angeles, Calif., American Institute of Nutrition
Other Authors: Selvey, Nancy, White, Philip Louis, 1922-
Format: Conference Proceeding Book
Language:English
Published: New York, N.Y. : A.R. Liss, [1981]
Series:Progress in clinical and biological research ; v. 67.
Subjects:

MARC

Tag First Indicator Second Indicator Subfields
LEADER 00000cam a22000008a 4500
001 in00000072829
005 20151008054635.0
008 810622s1981 nyuab b 10110 eng
010 |a  81008454  
020 |a 084510067X 
035 |a (OCoLC)07596484 
035 |9 AAJ1251AM 
039 0 |a 2  |b 3  |c 3  |d 3  |e 3 
040 |a DLC  |c DLC  |d TXA  |d UtOrBLW 
049 |a TXAM  |c [1442221] 
050 0 0 |a TX345  |b .W4 no.6 
060 0 |a W1 PR668E v. 67  |a QU 145 W533 1980n 
082 0 |a 338.1/9/1812 s  |a 613.2  |2 19 
111 2 |a Western Hemisphere Nutrition Congress  |n (6th :  |d 1980 :  |c Los Angeles, Calif.) 
245 1 0 |a Nutrition in the 1980's :  |b the constraints on our knowledge : proceeding of the Western Hemisphere Nutrition Congress VI held in Los ANgeles, California, August 10-14, 1980 /  |c editors by Nancy Selvey and Philip L. White. 
263 |a 8108 
264 1 |a New York, N.Y. :  |b A.R. Liss,  |c [1981] 
264 4 |c ©1981 
300 |a sviii, 602 pages :  |b illustrations, maps ;  |c 24 cm. 
336 |a text  |b txt  |2 rdacontent 
337 |a unmediated  |b n  |2 rdamedia 
338 |a volume  |b nc  |2 rdacarrier 
490 1 |a Progress in clinical and biological research ;  |v v. 67 
490 1 |a Proceedings of the Western Hemisphere Nutrition Congress ;  |v  no. 6 
500 |a Organized by the American Institute of Nutrition [and others]. 
504 |a Includes bibliographical references and index. 
536 |a Donated by Dr. H.O. Kunkel, June 1998. 
650 0 |a Nutrition  |v Congresses. 
650 2 |a Food  |x Congresses. 
650 2 |a Nutritional Physiological Phenomena  |x congresses. 
650 2 |a Nutrition Disorders  |x congresses. 
700 1 |a Selvey, Nancy. 
700 1 |a White, Philip Louis,  |d 1922- 
710 2 |a American Institute of Nutrition. 
811 2 |a Western Hemisphere Nutrition Congress.  |t Proceedings ;  |v no. 6. 
830 0 |a Progress in clinical and biological research ;  |v v. 67. 
999 |a MARS 
999 f f |s def39b5c-b163-36e6-806e-5dca97e34853  |i 7c63117a-f81a-3baf-a08f-3932c71a6f3e  |t 0 
952 f f |p ric  |a Texas A&M University  |b Rellis Campus  |c Joint Library Facility  |d Remote Storage  |t 0  |e TX345 .W4 no.6  |h Library of Congress classification  |i unmediated -- volume  |m A14806259743 
952 f f |p ric  |a Texas A&M University  |b Rellis Campus  |c Joint Library Facility  |d Remote Storage  |t 0  |e TX345 .W4 no.6  |h Library of Congress classification  |i unmediated -- volume  |m A14823973300 
952 f f |a Texas A&M University  |b College Station  |c Sterling C. Evans Library  |d Evans: Library Stacks  |t 0  |e TX345 .W4 no.6  |h Library of Congress classification 
998 f f |a TX345 .W4 no.6  |t 0  |l Remote Storage 
998 f f |a TX345 .W4 no.6  |t 0  |l Evans: Library Stacks